The 48 Laws of Power (Record no. 2112)

MARC details
000 -LEADER
fixed length control field 00290nam a2200121Ia 4500
008 - FIXED-LENGTH DATA ELEMENTS--GENERAL INFORMATION
fixed length control field 191201s2003 xx 000 0 und d
100 ## - MAIN ENTRY--PERSONAL NAME
Personal name GREENE, Robert
245 #4 - TITLE STATEMENT
Title The 48 Laws of Power
260 ## - PUBLICATION, DISTRIBUTION, ETC. (IMPRINT)
Place of publication, distribution, etc N.Delhi
Name of publisher, distributor, etc Viva Books
Date of publication, distribution, etc 2003
300 ## - PHYSICAL DESCRIPTION
Extent 452
650 ## - SUBJECT ADDED ENTRY--TOPICAL TERM
Topical term or geographic name as entry element General Books
942 ## - ADDED ENTRY ELEMENTS (KOHA)
Source of classification or shelving scheme Dewey Decimal Classification
Koha item type Text Books
Holdings
Withdrawn status Lost status Source of classification or shelving scheme Damaged status Not for loan Collection code Home library Current library Date acquired Source of acquisition Cost, normal purchase price Bill Number Total Checkouts Full call number Acc. no. / Barcode Date last seen Bill Date Koha item type
    Dewey Decimal Classification     GENERAL PIET C-LIBRARY PIET C-LIBRARY 31/08/2006 M/s UDH, Delhi 125.00 125382   658.4092 GRL 3913 04/12/2019 23/08/2005 Text Books

Design & Developed by: PIET Central Library
R70 Miles Stone Pattikalyana Samalkha Panipat 132102
mail ID :- [email protected], Phone No:- 0180-2569700 Ex.216